Pondoro; (Record no. 119116)
[ view plain ]
| 000 -LEADER | |
|---|---|
| fixed length control field | 00693cam a22002531 4500 |
| 001 - CONTROL NUMBER | |
| control field | 2768916 |
| 003 - CONTROL NUMBER IDENTIFIER | |
| control field | ARRUPE |
| 005 - DATE AND TIME OF LATEST TRANSACTION | |
| control field | 20131205182624.0 |
| 008 - FIXED-LENGTH DATA ELEMENTS--GENERAL INFORMATION | |
| fixed length control field | 891102s1956 enka 000 0 eng d |
| 035 ## - SYSTEM CONTROL NUMBER | |
| System control number | (OCoLC)ocm20587606 |
| 035 ## - SYSTEM CONTROL NUMBER | |
| System control number | (NNC)2768916 |
| 040 ## - CATALOGING SOURCE | |
| Original cataloging agency | KKU |
| Transcribing agency | KKU |
| Modifying agency | ZCU |
| 050 ## - LIBRARY OF CONGRESS CALL NUMBER | |
| Classification number | SPC SK17.T3A3 |
| 099 ## - LOCAL FREE-TEXT CALL NUMBER (OCLC) | |
| Classification number | 799 |
| -- | T215 |
| 300 ## - PHYSICAL DESCRIPTION | |
| Other physical details | illus. |
| Dimensions | 23 cm. |
| 100 1# - MAIN ENTRY--PERSONAL NAME | |
| Personal name | Taylor, John, |
| Dates associated with a name | 1900-1969. |
| 9 (RLIN) | 5254 |
| 245 10 - TITLE STATEMENT | |
| Title | Pondoro; |
| Remainder of title | last of the ivory hunters. |
| 260 ## - PUBLICATION, DISTRIBUTION, ETC. (IMPRINT) | |
| Place of publication, distribution, etc | London, |
| Name of publisher, distributor, etc | Frederick Muller, |
| Date of publication, distribution, etc | [c1956] |
| 300 ## - PHYSICAL DESCRIPTION | |
| Extent | 275 p. |
| 500 ## - GENERAL NOTE | |
| General note | Autobiographical. |
| 600 10 - SUBJECT ADDED ENTRY--PERSONAL NAME | |
| Personal name | Taylor, John, |
| Dates associated with a name | 1900-1969. |
| 9 (RLIN) | 5255 |
| 650 #0 - SUBJECT ADDED ENTRY--TOPICAL TERM | |
| Topical term or geographic name as entry element | Hunting |
| Geographic subdivision | Africa. |
| 9 (RLIN) | 5256 |
| 942 ## - ADDED ENTRY ELEMENTS (KOHA) | |
| Source of classification or shelving scheme | Library of Congress Classification |
| Koha item type | Monograph ( Printed materials) |
| Withdrawn status | Lost status | Source of classification or shelving scheme | Damaged status | Not for loan | Home library | Current library | Shelving location | Date acquired | Total Checkouts | Full call number | Barcode | Date last seen | Price effective from | Koha item type |
|---|---|---|---|---|---|---|---|---|---|---|---|---|---|---|
| Library of Congress Classification | ARRUPE LIBRARY | ARRUPE LIBRARY | Main Collection | 05/12/2013 | SPC SK17.T3A3 | 464123261 | 05/12/2013 | 05/12/2013 | Monograph ( Printed materials) |